Linguistic minorities in democratic context / (رقم التسجيلة. 35084)

تفاصيل مارك
000 -الفاتح
حقل البيانات ثابتة الطول 00804nam a22002417a 4500
003 - محدد رقم الضبط
رقم الضبط OSt
005 - وقت وتاريخ اخر تعامل مع التسجيلة
رقم الضبط 20150408114218.0
008 - عناصر البيانات ثابتة الطول - معلومات عامة
حقل البيانات ثابتة الطول 140515s2013 enka g b 001 0 eng d
020 ## - الرقم الدولى المعيارى للكتب
الرقم الدولى المعيارى للكتاب 9781137355836
040 ## - مصدر الفهرسة
وكالة الفهرسة الأصلية Ma-Un
082 04 - رقم تصنيف ديوى العشرى
رقم الطبعة 22
رقم التصنيف 306.44
رقم المادة WCL
100 1# - المدخل الرئيسى - إسم شخصى
الإسم الشخصى Williams, Colin H.
9 (RLIN) 45136
245 10 - بيان العنوان
العنوان Linguistic minorities in democratic context /
بيان المسئوليه,etc Colin H. Williams.
260 ## - PUBLICATION, DISTRIBUTION, ETC. (IMPRINT)
مكان الناشر او الموزع Basingstoke :
اسم الناشر او الموزع Palgrave Macmillan,
تاريخ النشر أو التوزيع 2013.
300 ## - الوصف المادى
التعداد xii, 440 p. :
تفاصيل ماديه اخرى للوعاء ill., maps ;
أبعاد الوعاء 23 cm.
490 1# - بيان السلسلة
عنوان السلسلة Language and globalization
504 ## - تبصرة ببليوجرافية
تبصرة ببليوجرافية,الخ Includes bibliographical references and index.
650 ## - المدخل الاضافى بالموضوع-مصطلح موضوعى
مصطلح موضوعي أو اسم جغرافي كعنصر مدخل Linguistic minorities.
9 (RLIN) 45137
650 ## - المدخل الاضافى بالموضوع-مصطلح موضوعى
مصطلح موضوعي أو اسم جغرافي كعنصر مدخل Language and languages
التقسيم الفرعي العام Political aspects
9 (RLIN) 45138
650 ## - المدخل الاضافى بالموضوع-مصطلح موضوعى
مصطلح موضوعي أو اسم جغرافي كعنصر مدخل Language policy.
9 (RLIN) 7334
830 #0 - المدخل الاضافى بالسلسلة -عنوان موحد
عنوان موحد Language and globalization
9 (RLIN) 45139
942 ## - عناصر المدخل الإضافي( كوها)
مصدر التصنيف او مخطط الترفيف Dewey Decimal Classification
Koha [default] item type كتاب
المقتنيات
حالة الفقد نموذج السعر الفعال حالة تلف ليس للاعارة رقم الطلب رقم النسخة تاريخ الاكتساب مصدر التزويد الموقع الحالي الباركود الفرع الرئيسي Date last seen نوع المادة فى نظام كوها مصدر التصنيف او خطة الترفيف Total Checkouts
  2014-05-15   Not For Loan 306.44 WCL 1 2014-05-15 دار العرب المكتبة المركزية بالمجمعة (CL) 00211389 المكتبة المركزية بالمجمعة (CL) 2014-05-15 كتاب Dewey Decimal Classification  
  2014-05-15     306.44 WCL 2 2014-05-15 دار العرب المكتبة المركزية بالمجمعة (CL) 00211390 المكتبة المركزية بالمجمعة (CL) 2014-05-15 كتاب Dewey Decimal Classification  
  2014-05-15     306.44 WCL 3 2014-05-15 دار العرب المكتبة المركزية بالمجمعة (CL) 00211391 المكتبة المركزية بالمجمعة (CL) 2014-05-15 كتاب Dewey Decimal Classification